Zelda Twilight Princess - Quiz - Statistiken

Allgemein
  • Dieses Quiz wurde 16 mal gespielt
  • Das Durchschnittsergebnis liegt bei 12 aus 44
Antwortstatistiken
Antwort % Korrekt
Greifhaken
62%
Bomben
54%
Morgenstern
54%
Angel
46%
Eisenstiefel
46%
Master-Schwert
46%
Schleuder
46%
Zitadelle der Zeit
46%
Bergruine
38%
Doppelhaken
38%
Holzschild
38%
Hylia-Schild
38%
Labyrinthe Waldschrein
38%
Zanto
38%
Ganondorf
31%
Heroen-Bogen
31%
Ausrüstung Holzschwert
31%
Kumula
31%
Items Lampe
31%
Sturmbumerang
31%
Wüstenburg
31%
Argorok
23%
Schattenpalast
23%
Schloss Hyrule
23%
Seeschrein
23%
Wasserbomben
23%
Zora-Gewand
23%
Armogohma
15%
Flammatron
15%
Gleiter
15%
Kopierstab
15%
Magie-Rüstung
15%
Ordon-Schwert
15%
Skeletulor
15%
Bombenkäfer
8%
Falkenauge
8%
Heldengewand
8%
Korallenohrring
8%
Matronia
8%
Mine der Goronen
8%
Oktapesco
8%
Ordon-Schild
8%
Bosse Plantainferna
8%
Tönerne Flöte
8%
Keine übereinstimmenden Quizze gefunden
Verteilung der Resultate
Anzahl Personen mit jedem Resultat
Perzentil nach korrekt beantworteten Fragen
Ihre Resultats-Entwicklung
Sie haben dieses Quiz noch nicht gespielt